000 01101nam a2200349 a 4500
001 000114027
003 CHAP
005 20220329144424.0
008 171020s2015 mx |r| ||||d|spa d
010 _a110488
011 _a111460
020 _a978-607-312-850-6 (Volumen ll)
020 _a9786073128513 (Volumen l)
040 _cCHAP
082 0 4 _a822.33
_bS52
100 0 0 _aShakespeare, William.
_9105459
245 1 0 _aComedias, tragedias, dramas históricos, romances y poesías /
_cpor William Shakespeare.
260 _aMéxico, D.F. :
_bPenguin Random House,
_c2015.
300 _a2 v.
490 _aContemporánea. Debolsillo
505 _av. 1 Comedias. -- v. 2 Tragedias
590 _aE11695DGD
_b10
_c20171105
_lUCH01
_h1007
590 _aE11695DGD
_b10
_c20171105
_lUCH01
_h1007
590 _aE5765TAJ
_b05
_c20171020
_lUCH01
_h1151
650 1 4 _aDrama inglés (tragédia)
_ySiglo XVI.
_9132638
650 1 4 _aLiteratura inglesa.
_967134
650 1 4 _aTeatro inglés.
_9131137
830 0 _aContemporánea. Debolsillo
_9133470
901 _aBK
942 _cLIBRO
942 _n0
999 _c110488
_d110488